Alphabet Breadcrumb Trail #8 - Statistics

General Stats
  • This quiz has been taken 4,278 times
  • The average score is 18 of 26
Answer Stats
Hint Answer % Correct
B Male sibling Brother
99%
S Opposite of B Sister
91%
H Antonym of B's last 3 Him
85%
U B and S's parent's B Uncle
83%
J Homophone of G Jim
79%
G Rhymes with H Gym
78%
K Rhymes with F's first 4 King
78%
I 14th century Russian P Ivan
77%
F The hand's T? Finger
76%
P K's son Prince
74%
T Body part rhyme of D Toe
74%
R Anagram of S Resist
72%
N What J, I and L are Names
70%
V Anagram of I Vain
69%
Z Girl's name (near-rhyme of T) Zoë
69%
E Homophone of J's second Eye
63%
L Tragic K Lear
63%
Q What W often starts Question
63%
Y Rhymes with L Year
63%
W Homophone of E's second Why
62%
M The 5th twelfth of a Y May
61%
O Antonym of Q's final 2 Off
61%
A Opposite of Q Answer
60%
C Rhymes with O Cough
60%
D Visual rhyme of C Dough
58%
X Rhymes with S Xyster
24%
No matching quizzes found
Score Distribution
Percent of People with Each Score
Percentile by Number Answered
Your Score History
You have not taken this quiz